| 000 | 00514nam a2200169Ia 4500 | ||
|---|---|---|---|
| 003 | GCL | ||
| 008 | 140319s9999 xx 000 0 ara d | ||
| 040 |
_aGCL / _cGCL |
||
| 082 | 0 | 4 |
_a845 _bم ن |
| 245 | 1 | 0 | _aنساء ومآسى فى ساحة العدالة |
| 260 |
_aالقاهرة : _bالمؤسسة العربية الحديثة |
||
| 300 |
_a173 ص ؛ _c17 سم |
||
| 490 |
_aكتابى _v24 |
||
| 650 | 0 | 4 | _aالادب الفرنسى |
| 650 | 0 | 4 | _aالادب الفرنسى المترجم |
| 942 |
_2ddc _cBK |
||
| 999 |
_c35238 _d35238 |
||